000 01443pam a2200193 a 4500
999 _c1450
_d1450
020 _a052156414X (hardback)
020 _a0521564735 (pbk.)
022 _a9780521564731
050 0 0 _aHB145
_b.S8
100 1 _aStarr, Ross M.
245 1 0 _aGeneral equilibrium theory :
_ban introduction /
_cRoss M. Starr.
260 _aCambridge ;
_aNew York :
_bCambridge University Press,
_c1997.
300 _axxiii, 250 p. :
_bill. ;
_c26 cm.
500 _aInclude index.
505 _a1. Concept and history of general equilibrium theory -- 2. Mathematics -- 3. Prices and commodities -- 4. Production with bounded firm technology -- 5. Households -- 6. A market economy -- 7. General equilibrium of the market economy with an excess demand function -- 8. Theory of production: The unbounded technology case -- 9. Households: The unbounded technology case -- 10. A market economy: The unbounded technology case -- 11. General equilibrium of the market economy: The unbounded technology case -- 12. Pareto efficiency and competitive equilibrium -- 13. The core of a market economy -- 14. Convergence of the core of a large economy -- 15. Time and uncertainty: Futures markets -- 16. Mathematics: Analysis of point to set mappings -- 17. General equilibrium of the market economy with an excess demand correspondence -- 18. Summary and conclusion.
650 0 _aEquilibrium (Economics)
650 0 _aEconomics, Mathematical.
942 _cBK